000 00329nam a2200157Ia 4500
100 _aVenkata krishna P
650 _aGrid computing
942 _cBK
366 _f25
245 _aPrinciples of Grid computing
260 _bAne
_c2010
082 _a4.65
_bVEN
300 _a246
546 _aENGLISH
_cComputers
999 _c34183
_d34183